| 000 | 01166cam a22003375a 4500 | ||
|---|---|---|---|
| 001 | 013795862 | ||
| 003 | OSt | ||
| 005 | 20170321110309.0 | ||
| 008 | 070716s2008 enk frb 001 0 eng d | ||
| 015 |
_aGBA756311 _2bnb |
||
| 016 | 7 |
_a013795862 _2Uk |
|
| 020 | _a9781845115074 (pbk.) | ||
| 020 | _a1845115074 (pbk.) | ||
| 040 |
_aStDuBDS _beng _cStDuBDS _dUk _dEG-ScBUE |
||
| 043 | _ae-uk--- | ||
| 082 | 0 | 4 |
_a325.341 _bPOR _222 |
| 100 | 1 | _aPorter, Bernard. | |
| 245 | 1 | 0 |
_aCritics of empire : _bBritish radicals and the imperial challenge / _cBernard Porter. |
| 260 |
_aLondon ; _aNew York : _bI. B. Tauris, _c2008. |
||
| 300 |
_axlii, 369 p. ; _c24 cm. |
||
| 500 | _aIncludes index. | ||
| 500 | _aPrevious ed. : London: Macmillan, 1968. | ||
| 504 | _aIncludes bibliographical references. | ||
| 650 | 7 |
_aImperialism _xPublic opinion _xHistory. _2BUEsh |
|
| 650 | 7 |
_aPublic opinion _zGreat Britain _xHistory. _2BUEsh |
|
| 650 | 7 |
_aRadicals _zGreat Britain _xAttitudes _xHistory. _2BUEsh |
|
| 650 | 7 |
_aAnti-imperialist movements _zGreat Britain _xHistory. _2BUEsh |
|
| 651 | 7 |
_aGreat Britain _xColonies _xHistory. _2BUEsh |
|
| 653 |
_bBUSBOL _cMarch2017 |
||
| 942 | _2ddc | ||
| 999 |
_c24500 _d24472 |
||